000 00728nam a2200217 a 4500
001 000025744
005 20200930024021.0
008 110221s1989 ve r 000 j spa d
040 _aDO-SdBNP
_bspa
_cBNPHU
082 _aNNN
_bA663r
100 1 _aAraujo medina, Cremilda
_952544
245 1 0 _aEl rol del periodista /
_cCremilda Araujo Medina ; prólogo Luis E. Proaño R. ; edición Valentina Porras Potss.
260 _aLa Habana :
_bPablo de la Torriente,
_c1989.
300 _axiii, 386, [6] p. ;
_c19 cm.
490 1 _aPablo
504 _aIncluye bibliografía (p. 373-387)
700 1 _aPorras Potss, Valentina
_eed.
_952545
700 1 _aProaño R., Luis E.
_epról.
_952546
830 0 _aPablo
_933335
049 _aBNGR
999 _c25236
_d25236